000 00708nam a2200253Ia 4500
003 OSt
005 20221006153044.0
006 a|||||r|||| 00| 0
007 ta
008 221006b |||||||| |||| 00| 0 kor d
020 _cW9,000
024 _a31,149
037 _bGift, Korea Foundation
_cTextual
040 _aEASL
_cEASL
_bkor
041 _2kor
_akor
082 _aP122:2.495, P2
100 _aKIM Min Yok
_9662328
245 0 _aFrance's grammer
260 _aDaejon
_bChhungnam University Publishing Department Korea
_c2002
300 _a145p.
_ccm.
490 _v KL
942 _hP122:2.495, P2
_cTEXL
_2CC
999 _c1099235
_d1099235